La preferencia de los acreedores del causante

Bibliographic Details
Main Author: Pita Broncano, Carmen Piedad
Format: eBook
Language:Spanish
Published: Madrid : Dykinson, 2013
Subjects:
Online Access:Acceso restringido

MARC

LEADER 00000nam a22000007a 4500
005 2013121809059.0
007 cr|||| ||||
008 131218s2013 sp |||||s|||| 00||0 spa d
020 |a 978-84-9031-576-7 
035 |a 11692 
040 |a vLex 
090 |c 4641  |d 4641 
100 1 |a Pita Broncano, Carmen Piedad 
245 1 3 |a La preferencia de los acreedores del causante  |h [Recurso electrn̤ico] /  |c Carmen Piedad Pita Broncano  
256 |a Servicio en ln̕ea 
260 |a Madrid :  |b Dykinson,  |c 2013 
300 |a 1 recurso electrn̤ico 
506 1 |a Contenido solo disponible en los productos indicados  |d vLex Global  |d vLex Global (Academic Edition, excluding Law Schools)  |d vLex Global (U.S. Academic Edition, Law Schools)  |d vLex Global (U.S. Academic Edition, excluding Law Schools)  |d vLex Global (Academic Edition, Law Schools) 
650 0 4 |a Derecho de sucesiones 
650 0 4 |a Herencias y sucesiones 
740 0 |a vLex Libros (Servicio en ln̕ea) 
856 4 0 |u http://vlex.com/source/la-preferencia-acreedores-causante-11692  |z Acceso restringido 
942 |c BOOK 
999 0 |a Inheritance and succession 
999 0 |a Heredity